Surveying theory and practice, (Record no. 609856)

000 -LEADER
fixed length control field 00390nam a22001337a 4500
040 ## - CATALOGING SOURCE
Transcribing agency NUST
082 ## - DEWEY DECIMAL CLASSIFICATION NUMBER
Classification number 526.9
Author Mark DAV
100 ## - MAIN ENTRY--PERSONAL NAME
Personal name Davis, Raymond Earl,
9 (RLIN) 39624
245 ## - TITLE STATEMENT
Title Surveying theory and practice,
Statement of responsibility, etc. Raymond E. Davis and Francis S. Foote.
250 ## - EDITION STATEMENT
Edition statement 6th
260 ## - PUBLICATION, DISTRIBUTION, ETC.
Place of publication, distribution, etc. London
Name of publisher, distributor, etc. McGraw-Hill book company, inc.,
300 ## - PHYSICAL DESCRIPTION
Extent 992p,: illus,table, maps.
Dimensions 22cm
942 ## - ADDED ENTRY ELEMENTS (KOHA)
Source of classification or shelving scheme
Koha item type Book
Edition 6th
Holdings
Withdrawn status Lost status Source of classification or shelving scheme Damaged status Not for loan Permanent Location Current Location Date acquired Total Checkouts Full call number Barcode Checked out Date last seen Date last checked out Price effective from Koha item type
          School of Civil and Environmental Engineering (SCEE) School of Civil and Environmental Engineering (SCEE) 06/26/2024 1 526.9 DAV NIT-13760 10/25/2024 06/27/2024 06/27/2024 06/26/2024 Book
© 2023 Central Library, National University of Sciences and Technology. All Rights Reserved.